[Event "Menton op 20th"]
[Site "Menton"]
[Date "2023.10.24"]
[Round "3"]
[White "Shatil, Shir"]
[Black "Pinto, Axel"]
[Result "1-0"]
[WhiteElo "2152"]
[BlackElo "1928"]
[PlyCount "80"]
[EventDate "2023.10.22"]
[EventType "swiss"]
[EventRounds "9"]
[EventCountry "FRA"]
[SourceTitle "EXT 2025"]
[Source "ChessBase"]
[SourceDate "2024.10.14"]
[SourceVersion "1"]
[SourceVersionDate "2024.10.14"]
[SourceQuality "1"]

1. d4 Nf6 2. c4 g6 3. h4 d6 4. Nc3 Bg7 5. e4 0-0 6. Be2 h5 7. Nh3 e5 8. d5 Na6 9. Bg5 Qe8 10. f3 Nh7 11. Be3 f5 12. Qd2 Nf6 13. Ng5 Bd7 14. Rb1 b6 15. b4 Bc8 16. Bd3 Qe7 17. Qe2 Nb8 18. Kd2 Nh7 19. exf5 gxf5 20. g4 e4 21. fxe4 Qe5 22. Nb5 Nxg5 23. Bxg5 fxe4 24. Qxe4 Rf2+ 25. Kc1 Qxe4 26. Bxe4 Na6 27. gxh5 Bd7 28. h6 Be5 29. a3 Raf8 30. Rg1 Kh8 31. Rb3 Ra2 32. h7 Bg7 33. h5 Rff2 34. h6 Ra1+ 35. Rb1 Bb2+ 36. Kd1 Rxb1+ 37. Bxb1 Bf5 38. Be3 Rf3 39. Bd4+ Bxd4 40. Nxd4 Bxb1 1-0